000 00374nam a22001457a 4500
082 _aT-29
100 _aKamran Mushtaq
245 _aFeasibility of using lime as a binder in granular base course
260 _aRisalpur
_bMCE
_c1993
300 _aviii,169.p:
526 _a0
_b0
_c0
_dT_29A
650 _aThesis
_934811
700 _aKamran Mushtaq
_948436
942 _2ddc
_cBK
999 _c551386
_d551386